|
|
|
|
| LEADER |
00000nab a2200000 a 4500 |
| 001 |
vtls000683063 |
| 003 |
SK-MaSNL |
| 005 |
20260304102847.0 |
| 008 |
250425c1998 xo 0 slo |
| 015 |
|
|
|a SNBRB1999/01-01672
|
| 035 |
|
|
|a CLN000035230
|
| 035 |
|
|
|a (urnnbn)urn:nbn:sk:snk:ar-002j76
|
| 035 |
|
|
|a (uuid)e1db408d-ca3b-48d6-acaa-a9f6ef17eda7
|
| 035 |
|
|
|a urn:nbn:sk:snk-ab7sff
|
| 040 |
|
|
|a SNKBUCL
|b slo
|c SNKBUCL
|e AACR2
|
| 041 |
0 |
|
|a slo
|
| 044 |
|
|
|a xo
|c SK
|
| 080 |
|
|
|a 78:659.444
|2 1997
|
| 080 |
|
|
|a 659.444:78
|2 1997
|
| 100 |
1 |
|
|a Janičíková, Alena
|4 aut
|9 525539
|
| 245 |
1 |
0 |
|a Audiovizuálna hudobná produkcia a jej komunikačné špecifiká
|c Alena Janičíková
|
| 504 |
|
|
|a Res. angl.
|
| 650 |
0 |
7 |
|a hudba
|2 snkbucl
|9 1063
|
| 650 |
0 |
7 |
|a audiovizuálne médiá
|2 snkbucl
|9 75432
|
| 650 |
0 |
7 |
|a hudobná komunikácia
|2 snkbucl
|9 4963
|
| 655 |
|
7 |
|a štúdie
|2 snkbucl
|9 57033
|
| 773 |
0 |
|
|t Slovenská hudba
|g Roč. 24, č. 4 (1998), s. 488-493
|x 1335-2458
|
| 850 |
|
|
|a Slovenská národná knižnica
|
| 852 |
|
|
|a Slovenská národná knižnica
|
| 954 |
|
|
|a odborná, vedecká literatúra pôvodná (slovenská)
|2 lita
|
| 958 |
|
|
|a article9
|
| 958 |
|
|
|a SK
|
| 958 |
|
|
|a OND
|
| 958 |
|
|
|a EUIPO
|
| 992 |
|
|
|a RBX
|
| 999 |
|
|
|c 2846972
|d 2848902
|